[Event "RSA-chB"]
[Site "Cape Town"]
[Date "2019.12.15"]
[Round "9"]
[White "Baxter, David Jarred"]
[Black "Willenberg, Kenneth Sean"]
[Result "0-1"]
[WhiteElo "1730"]
[BlackElo "1956"]
[PlyCount "36"]
[EventDate "2019.12.07"]
[EventType "swiss"]
[EventRounds "11"]
[EventCountry "RSA"]
[SourceTitle "CBM 193 Extra"]
[Source "ChessBase"]
[SourceDate "2020.01.31"]
[SourceVersion "1"]
[SourceVersionDate "2020.01.31"]
[SourceQuality "1"]

1. e4 e5 2. Nf3 Nc6 3. Bb5 a6 4. Ba4 Nf6 5. 0-0 b5 6. Bb3 Be7 7. Re1 0-0 8. a4 Rb8 9. c3 d5 10. exd5 Nxd5 11. Nxe5 Nxe5 12. Rxe5 Nf6 13. h3 Bd6 14. Re1 Ng4 15. g3 Nxf2 16. Kxf2 Bxg3+ 17. Kxg3 Qd6+ 18. Kg2 Bb7+ 0-1

[Event "RSA-chB"]
[Site "Cape Town"]
[Date "2019.12.09"]
[Round "3"]
[White "Baloyi, Siphiwe"]
[Black "Baxter, David Jarred"]
[Result "1/2-1/2"]
[WhiteElo "1903"]
[BlackElo "1730"]
[PlyCount "80"]
[EventDate "2019.12.07"]
[EventType "swiss"]
[EventRounds "11"]
[EventCountry "RSA"]
[SourceTitle "CBM 193 Extra"]
[Source "ChessBase"]
[SourceDate "2020.01.31"]
[SourceVersion "1"]
[SourceVersionDate "2020.01.31"]
[SourceQuality "1"]

1. c4 Nf6 2. Nf3 e6 3. g3 d5 4. d4 Be7 5. Bg2 0-0 6. 0-0 c5 7. cxd5 exd5 8. Nc3 Nc6 9. h3 h6 10. Be3 c4 11. Ne5 Be6 12. Nxc6 bxc6 13. b3 cxb3 14. Qxb3 Qd7 15. Kh2 Rfb8 16. Qc2 Rb4 17. Qd2 Bf5 18. Rfc1 Rab8 19. Qd1 Qe6 20. Bf4 R8b7 21. h4 Ng4+ 22. Kg1 g5 23. a3 Rc4 24. hxg5 hxg5 25. e4 gxf4 26. exf5 Qxf5 27. Nxd5 Rxc1 28. Nxe7+ Rxe7 29. Rxc1 fxg3 30. f3 Ne3 31. Qe1 Qg5 32. Qd2 Qh5 33. Bh1 Re6 34. f4 Nc4 35. Qg2 Ne3 36. Qd2 g2 37. Bxg2 Nxg2 38. Rc5 Qf3 39. Qxg2+ Rg6 40. Rg5 Qxg2+ 1/2-1/2

[Event "Johannesburg Redpath op"]
[Site "Johannesburg"]
[Date "2016.07.13"]
[Round "1"]
[White "Baxter, David Jarred"]
[Black "Jere, Daniel"]
[Result "0-1"]
[WhiteElo "1662"]
[BlackElo "2368"]
[PlyCount "40"]
[EventDate "2016.07.13"]
[EventType "swiss"]
[EventRounds "9"]
[EventCountry "RSA"]
[SourceTitle "CBM 173 Extra"]
[Source "ChessBase"]
[SourceDate "2016.08.29"]
[SourceVersion "1"]
[SourceVersionDate "2016.08.29"]
[SourceQuality "1"]

1. e4 e6 2. d4 d5 3. Nc3 Nf6 4. e5 Nfd7 5. f4 c5 6. Nf3 Nc6 7. Be3 a6 8. Bd3 Qb6 9. Na4 Qa5+ 10. c3 cxd4 11. b4 Bxb4 12. cxb4 Nxb4 13. Bd2 Nxd3+ 14. Kf1 Qb5 15. Nxd4 Qc4 16. Ne2 0-0 17. Be3 b5 18. Nac3 f6 19. exf6 Nxf6 20. Kg1 Ng4 0-1